Statistics for Flags of Countries That Border D.R.Congo

Click here to take the quiz!

General Stats

  • This quiz has been taken 1,604 times
  • The average score is 8 of 9

Answer Stats

Answer% Correct
Angola
95%
Uganda
93%
Tanzania
90%
Rep. of the Congo
89%
Zambia
89%
Central African Republic
87%
Burundi
86%
Rwanda
83%
South Sudan
81%

Score Distribution

Percentile by Number Answered

Percent of People with Each Score

Your Score History

You have not taken this quiz